01123nam a2200217 a 450000100100000000500170001000800410002702000150006804000250008310000250010824001100013324501990024326000300044230000280047259000680050050000550056850000500062370000450067395201700071899900170088800004527720201002050026.0150223s2007 cl a 000 0 spa d a9580486751 aDO-SdBNPbspacBNPHU1 aShenkar, Oded97330213aThe Chinise centurygthe rising Chinise economy and its impact on the global economy the balance of power13aEl Siglo de China :bla floreciente economía de China y su impacto en la economía global, en el equilibrio del poder y en los empleos /cOded Shenkar; traducción Jorge Cárdenas Nannetti. aColombia :bNorma,c2007. a270 p. :bil. ;c23 cm. aPerteneció a la biblioteca personal del Dr. Guaroa Ginebra H. aIncluye datos biografícos del autor en la solapa aLa biblioteca posee la reimpresión del 20071 aCárdenas Nannetti, Jorgeetrad.942922 001050718MOaPDbPDcCTd2015-02-23iLF1l0o p45277-10r2020-06-25w2020-06-25y1zPerteneció a la biblioteca personal del Dr. Guaroa Ginebra H.ZNo se presta c44766d44766